000 00298nam a22001337a 4500
008 170802b xxu||||| |||| 00| 0 eng d
020 _a0060467762
041 _aeng
080 _a004
100 _a32
101 _aSHKI
245 _aAPPLIED GENERAL SYSTEMS THEORY
_cGIGCH, J.P
942 _2udc
_cBK
999 _c22563
_d22563